Genesis.

Збережено в:
Бібліографічні деталі
Автор: Westermann, Claus (autor)
Формат: Книга
Мова:Німецька
Опубліковано: Neukirchen-Vluyn, Deutschland : Neurkirchener, 1974-1982
Серія:Biblischer Kommentar Altes Testament.
Предмети:
Теги: Додати тег
Немає тегів, Будьте першим, хто поставить тег для цього запису!

MARC

LEADER 00000nam a22000007a 4500
003 CL-VaPUC
005 20250509100154.0
008 250509i19741982 ||||| |||| 00| 0 ger d
999 |c 449320  |d 449318 
020 |a 3-7887-0028-9 (B.I/1) 
020 |a 3-7887-0544-2 (B.I/2) 
020 |a 3-7887-0671-6 (B.I/3) 
040 |c Pontificia Universidad Católica de Valparaíso 
082 |a 222.1107 WES 1974 (b.I/1)  |a 222.1107 WES 1981 (b.I/2)  |a 222.1107 WES 1982 (b.I/3) 
100 |a Westermann, Claus  |9 322941  |e autor 
245 |a Genesis. 
260 |a Neukirchen-Vluyn, Deutschland :  |b Neurkirchener,   |c 1974-1982  
300 |a 3 volúmenes.  
490 |a Biblischer Kommentar Altes Testament.  
500 |a 3 vol. c.1. Donación libros de R. P Dieter Gustavo Felten (Q.E.P.D) octubre 2024. 
505 |a Band I/1.1.Teilband. Genesis 1-11. Band I/2.2.Teilband. Genesis 12-36. Band I/3.3, Teilband.Genesis 37-50. 
583 |c 20250509  |k GC 
630 |a Biblia   |p Génesis  |x Comentarios  |9 902716 
942 |2 ddc  |c BK  |n 1 
952 |0 0  |1 0  |2 ddc  |4 0  |6 222_110700000000000_WES_1974  |7 0  |8 A  |9 602933  |a BIBTEO  |b BIBTEO  |d 2025-05-09  |e Donación   |h b.I/1  |i 5667462  |o 222.1107 WES 1974  |p 5667462  |r 2025-05-09  |t 1  |w 2025-05-09  |y BK  |k ICR 
952 |0 0  |1 0  |2 ddc  |4 0  |6 222_110700000000000_WES_1981  |7 0  |8 A  |9 602934  |a BIBTEO  |b BIBTEO  |d 2025-05-09  |e Donación   |h b.I/2  |i 5667463  |o 222.1107 WES 1981  |p 5667463  |r 2025-05-09  |t 1  |w 2025-05-09  |y BK  |k ICR 
952 |0 0  |1 0  |2 ddc  |4 0  |6 222_110700000000000_WES_1982  |7 0  |8 A  |9 602935  |a BIBTEO  |b BIBTEO  |d 2025-05-09  |e Donación   |h b.I/3  |i 5667464  |o 222.1107 WES 1982  |p 5667464  |r 2025-05-09  |t 1  |w 2025-05-09  |y BK  |k ICR